000 00714nam a2200289Ia 4500
005 20260324113529.0
008 008 260324s9999 xx 000 0 eng d
020 _a9781003280729
037 _aEBOOK
040 _aCRL
040 _beng
040 _cCRL
041 _2eng
041 _aeng
084 _qCRL
100 _aMihaly Szerovay; Hannu Itkonen; Arto Nevala
_91147139
245 0 _aFootball in the Nordic Countries
245 0 _bPractices, Equality and Influence
260 _bTaylor and Francis
260 _c2023
365 _a
365 _b230
856 _uhttp://www.taylorfrancis.com/books/9781003280729
942 _cEBOOK
999 _c1736849
_d1736849